000 00643cam a2200229 4500500
005 20260419001150.0
041 _afre
042 _adc
100 1 0 _aTrécourt, Fabien
_eauthor
245 0 0 _aFaut-il tuer le jargon de bureau ?
260 _c2023.
500 _a81
690 _aCommunication
690 _aCulture d’entreprise
690 _aEfficacité
690 _aEntreprise
690 _aProductivité
690 _aTravail
690 _aVie de bureau
786 0 _nPhilonomist | - | 6 | 2023-05-02 | p. 71-76
856 4 1 _uhttps://shs.cairn.info/magazine-philonomist-2023-6-page-71?lang=fr&redirect-ssocas=7080
999 _c2212738
_d2212738